The central party school and the success of the communist party of China / (Record no. 586531)
[ view plain ]
| 000 -LEADER | |
|---|---|
| fixed length control field | 00399nam a22001217a 4500 |
| 040 ## - CATALOGING SOURCE | |
| Transcribing agency | NUST |
| 082 ## - DEWEY DECIMAL CLASSIFICATION NUMBER | |
| Classification number | 324.251075 |
| Author Mark | YIT |
| 100 ## - MAIN ENTRY--PERSONAL NAME | |
| Personal name | Yiting He |
| 9 (RLIN) | 83173 |
| 245 ## - TITLE STATEMENT | |
| Title | The central party school and the success of the communist party of China / |
| Statement of responsibility, etc. | He Yiting . |
| 260 ## - PUBLICATION, DISTRIBUTION, ETC. | |
| Place of publication, distribution, etc. | Beijing : |
| Name of publisher, distributor, etc. | Foreign Language Press, |
| Date of publication, distribution, etc. | 2018. |
| 300 ## - PHYSICAL DESCRIPTION | |
| Extent | iv, 340 pages : illustrations, portraits ; 25 cm. |
| 942 ## - ADDED ENTRY ELEMENTS (KOHA) | |
| Source of classification or shelving scheme | |
| Koha item type | Book |
| Withdrawn status | Lost status | Source of classification or shelving scheme | Damaged status | Not for loan | Permanent Location | Current Location | Shelving location | Date acquired | Full call number | Barcode | Date last seen | Price effective from | Koha item type | Total Checkouts |
|---|---|---|---|---|---|---|---|---|---|---|---|---|---|---|
| Central Library (CL) | Central Library (CL) | Chinese Studies | 10/14/2021 | 324.251075 YIT | CL-D-1301 | 10/14/2021 | 10/14/2021 | Book | ||||||
| Central Library (CL) | Central Library (CL) | Chinese Studies | 10/14/2021 | 324.251075 YIT | CL-D-1302 | 10/14/2021 | 10/14/2021 | Book | ||||||
| NUST Law School (NLS) | NUST Law School (NLS) | 07/17/2025 | 324.251075 YIT | NLSD-304 | 07/17/2025 | 07/17/2025 | Book |
